الإسلام والعروبة: (Record no. 14621)
[ view plain ]
| 000 -الفاتح | |
|---|---|
| حقل البيانات ثابتة الطول | 00935nam a22002057a 4500 |
| 008 - عناصر البيانات ثابتة الطول - معلومات عامة | |
| حقل البيانات ثابتة الطول | 100805s1976 ua|||||r|||| 001 0 ara d |
| 020 ## - الرقم الدولى المعيارى للكتب | |
| الرقم الدولى المعيارى للكتاب | 9772011182 |
| 082 ## - رقم تصنيف ديوى العشرى | |
| رقم التصنيف | 320.54 |
| رقم المادة | ك ا م |
| 100 ## - المدخل الرئيسى - إسم شخصى | |
| 9 (RLIN) | 17088 |
| الإسم الشخصى | كامل، محمود |
| 245 ## - بيان العنوان | |
| العنوان | الإسلام والعروبة: |
| بقية العنوان | /تحليل لعوامل الوحدة بين عشرين دولة عربية |
| بيان المسئوليه,etc | محمود كامل |
| 260 ## - PUBLICATION, DISTRIBUTION, ETC. (IMPRINT) | |
| مكان الناشر او الموزع | مصر: |
| اسم الناشر او الموزع | الهيئة المصرية العامة للكتاب، |
| تاريخ النشر أو التوزيع | 1976 |
| 300 ## - الوصف المادى | |
| التعداد | 457 ص: |
| تفاصيل ماديه اخرى للوعاء | خريطة؛ |
| أبعاد الوعاء | 24سم |
| 504 ## - تبصرة ببليوجرافية | |
| تبصرة ببليوجرافية,الخ | ببليوجرافية:ص437-447 |
| 541 ## - تبصرة المصدر المباشر للتزويد | |
| مصدر التزويد | ؛ألف باء |
| طريقة التزويد | شراء ؛ |
| 650 ## - المدخل الاضافى بالموضوع-مصطلح موضوعى | |
| 9 (RLIN) | 16953 |
| مصطلح موضوعي أو اسم جغرافي كعنصر مدخل | العروبة |
| 650 ## - المدخل الاضافى بالموضوع-مصطلح موضوعى | |
| 9 (RLIN) | 13384 |
| مصطلح موضوعي أو اسم جغرافي كعنصر مدخل | القومية العربية |
| 650 ## - المدخل الاضافى بالموضوع-مصطلح موضوعى | |
| 9 (RLIN) | 17296 |
| مصطلح موضوعي أو اسم جغرافي كعنصر مدخل | الوحدة العربية |
| 942 ## - عناصر المدخل الإضافي( كوها) | |
| مصدر التصنيف او مخطط الترفيف | Dewey Decimal Classification |
| Koha [default] item type | Book - Borrowing |
| حالة التراجع | حالة الفقد | مصدر التصنيف او خطة الترفيف | حالة تلف | ليس للاعارة | مجموعات كوها | المكان الدائم | المكان الحالي | موقع الترفيف | تاريخ الاكتساب | Source of acquisition | رقم الاستدعاء | الباركود | Date last seen | نوع الوعاء |
|---|---|---|---|---|---|---|---|---|---|---|---|---|---|---|
| Dewey Decimal Classification | Alef-Baa | Central Library | Central Library | First floor | 05/08/2010 | 320.54 ك ا م | 000021695 | 15/07/2025 | Book - Borrowing |